书目信息 |
| 题名: |
珠宝首饰导购营业员培训教程
|
|
| 作者: | 张伟 主编 | |
| 分册: | ||
| 出版信息: | 北京 中国经济出版社 2005 |
|
| 页数: | 238页 | |
| 开本: | 23cm | |
| 丛书名: | 导购营业员丛书 | |
| 单 册: | ||
| 中图分类: | F724.787 | |
| 科图分类: | ||
| 主题词: | 首饰--销售--技术培训--教材 , 宝石--销售--技术培训--教材 | |
| 电子资源: | ||
| ISBN: | 7-5017-6983-4 | |
| 000 | 01209nam0 2200337 450 | |
| 000 | 01172nam0 2200325 450 | |
| 000 | 01142nam0 2200325 450 | |
| 000 | 01088nam0 2200301 450 | |
| 000 | 01117nam0 2200289 450 | |
| 000 | 01080nam0 2200277 45 | |
| 001 | TS2006027764 | |
| 005 | 20061214095837.98 | |
| 010 | @a7-5017-6983-4@dCNY26.00 | |
| 100 | @a20060829d2005 ekmy0chiy0120 ea | |
| 101 | 0 | @achi |
| 102 | @aCN@b110000 | |
| 105 | @ay z 000yy | |
| 200 | 1 | @a珠宝首饰导购营业员培训教程@AZhu Bao Shou Shi Dao Gou Ying Ye Yuan Pei Xun Jiao Cheng@f张伟主编@FZhang Wei Zhu Bian |
| 210 | @a北京@c中国经济出版社@d2005 | |
| 215 | @a238页@d23cm | |
| 225 | 2 | @a导购营业员丛书 |
| 330 | @a本书分为“珠宝首饰导购营业员必备知识”、“珠宝首饰导购营业员必备素质”、“珠宝首饰导购营业员必备技能”、“珠宝首饰导购营业员的管理”四大篇。 | |
| 410 | 0 | @12001 @a导购营业员丛书 |
| 606 | 0 | @a首饰@x销售@x技术培训@x教材 |
| 606 | 0 | @a宝石@x销售@x技术培训@x教材 |
| 690 | @aF724.787@v4 | |
| 701 | 0 | @a张伟@AZhang Wei@4主编 |
| 801 | 0 | @aCN@b中图数据@c20061214 |
| 905 | @a10447@dF724.787@e28 | |
| 珠宝首饰导购营业员培训教程/张伟主编.-北京:中国经济出版社,2005 |
| 238页;23cm.-(导购营业员丛书) |
| ISBN 7-5017-6983-4:CNY26.00 |
| 本书分为“珠宝首饰导购营业员必备知识”、“珠宝首饰导购营业员必备素质”、“珠宝首饰导购营业员必备技能”、“珠宝首饰导购营业员的管理”四大篇。 |
| ● |
| 相关链接 |
|
|
|
|
正题名:珠宝首饰导购营业员培训教程
索取号:F724.787/28
 
预约/预借
| 序号 | 登录号 | 条形码 | 馆藏地/架位号 | 状态 | 备注 |
| 1 | 0603775 | 206037750 | 第一样本阅览室/ [索取号:F724.787/28] | 在馆 | |
| 2 | 0603776 | 206037769 | 第一借阅区/ [索取号:F724.787/28] | 在馆 | |
| 3 | 0603777 | 206037778 | 第一借阅区/ [索取号:F724.787/28] | 在馆 | |
| 4 | 0603778 | 206037787 | 第一借阅区/ [索取号:F724.787/28] | 在馆 | |
| 5 | 0603779 | 206037796 | 第一借阅区/ [索取号:F724.787/28] | 在馆 | |
| 6 | 0603780 | 206037803 | 第一借阅区/ [索取号:F724.787/28] | 在馆 |